| 000 | 00524nam a2200193Ia 4500 | ||
|---|---|---|---|
| 020 | _a0669178594 | ||
| 020 | _a9780669178593 | ||
| 040 | _cNIU | ||
| 082 | 4 | _a808 DCH 1990 A097 Or. | |
| 100 | 1 | _aMulderig, Gerald P. | |
| 245 | 1 | 4 | _aThe Heath handbook / |
| 250 | _a12th ed. | ||
| 260 |
_aLexington, Mass. : _bD.C. Heath and Co., _cc1990. |
||
| 300 |
_axxviii, 771 p. ; _c22 cm. |
||
| 500 | _aElsbree's name appears first in the previous ed. | ||
| 650 | 0 | _aEnglish language | |
| 700 | 1 | _aElsbree, Langdon. | |
| 942 | _cEK | ||
| 999 |
_c14615 _d14615 |
||